[Event "Arco op 31st"]
[Site "Arco"]
[Date "2009.10.24"]
[Round "8"]
[White "Nania, Alberto"]
[Black "Ferrari, Michele"]
[Result "1/2-1/2"]
[WhiteElo "1704"]
[BlackElo "1827"]
[PlyCount "52"]
[EventDate "2009.10.17"]
[EventType "swiss"]
[EventRounds "9"]
[EventCountry "ITA"]
[SourceTitle "EXT 2010"]
[Source "ChessBase"]
[SourceDate "2010.11.25"]
[SourceVersion "1"]
[SourceVersionDate "2010.11.25"]
[SourceQuality "1"]

1. d4 d5 2. c4 e6 3. Nc3 f5 4. Bf4 Nf6 5. Nf3 c6 6. e3 Nbd7 7. Bd3 Ne4 8. 0-0 Be7 9. Rc1 0-0 10. Qb3 Kh8 11. Rfd1 Qe8 12. c5 Bf6 13. h3 e5 14. Bh2 exd4 15. exd4 Qg6 16. Ne2 Ng5 17. Nxg5 Bxg5 18. Rc3 Nf6 19. f3 Qf7 20. Bb1 Re8 21. Kf1 Qe7 22. Be5 Nd7 23. f4 Nxe5 24. dxe5 Bh6 25. Rd4 Be6 26. Qd1 Qh4 1/2-1/2

[Event "Arco op 31st"]
[Site "Arco"]
[Date "2009.10.17"]
[Round "1"]
[White "Dappiano, Andrea"]
[Black "Nania, Alberto"]
[Result "1-0"]
[WhiteElo "1975"]
[BlackElo "1704"]
[PlyCount "45"]
[EventDate "2009.10.17"]
[EventType "swiss"]
[EventRounds "9"]
[EventCountry "ITA"]
[SourceTitle "EXT 2010"]
[Source "ChessBase"]
[SourceDate "2010.11.25"]
[SourceVersion "1"]
[SourceVersionDate "2010.11.25"]
[SourceQuality "1"]

1. c4 Nf6 2. Nc3 g6 3. g3 Bg7 4. Bg2 0-0 5. e4 d6 6. Nge2 Nbd7 7. 0-0 a6 8. d3 c5 9. Rb1 Rb8 10. a4 Ne8 11. d4 Nc7 12. dxc5 dxc5 13. Bf4 e6 14. Qd6 e5 15. Be3 Ne8 16. Qd2 Nc7 17. Rfd1 Re8 18. Bxc5 Bf8 19. Bxf8 Kxf8 20. b4 Qe7 21. c5 Nf6 22. Qd6 Bd7 23. Qxc7 1-0